00696nam a2200205Ia 4500003000900000008004100009020001800050040001600068080001300084100002200097245010300119260003500222300001500257650004100272650002500313650001800338942000700356999001500363952011200378IN-BaIIA211028s9999 xx 000 0 eng d a0-87692-572-7 cIIA Library a533bUBE aUberoi, C.916712 0aIntroduction to unmagnetized plasmascC. Uberoi  aNew DelhibPrentice-Hallc1988 aviii,182p. aAstronomy and astrophysics thesaurus aPlasma physics93732 aPlasmas91898 cBK c9860d9860 00104070aBANbBANcGENd0000-00-00g52.00l0o533/ UBEp10770r2021-11-05v52.00w0000-00-00yBKGRs. 52